[Event "Saratov op"]
[Site "Saratov"]
[Date "2008.12.21"]
[Round "9"]
[White "Tropin, Aleksandr"]
[Black "Muslimova, Yana"]
[Result "1-0"]
[WhiteElo "1983"]
[BlackElo "1697"]
[PlyCount "69"]
[EventDate "2008.12.13"]
[EventType "swiss"]
[EventRounds "9"]
[EventCountry "RUS"]
[SourceTitle "EXT 2010"]
[Source "ChessBase"]
[SourceDate "2010.11.25"]
[SourceVersion "1"]
[SourceVersionDate "2010.11.25"]
[SourceQuality "1"]

1. d4 d5 2. c4 c6 3. Nf3 Nf6 4. Nc3 a6 5. cxd5 cxd5 6. Bg5 e6 7. e3 Bd6 8. Bd3 0-0 9. 0-0 Nbd7 10. Rc1 b5 11. e4 dxe4 12. Nxe4 Be7 13. Nc5 Nxc5 14. dxc5 Nd5 15. Bxe7 Qxe7 16. Be4 Rd8 17. Qe2 Ra7 18. Rfd1 Rad7 19. Bxd5 Rxd5 20. b4 Qd7 21. Rxd5 Qxd5 22. Kf1 Bb7 23. Ke1 Qf5 24. Rd1 Rxd1+ 25. Qxd1 Bd5 26. Kf1 h6 27. a3 Bxf3 28. gxf3 Qf4 29. Qd8+ Kh7 30. Kg2 e5 31. Qd6 Qg5+ 32. Kf1 Qc1+ 33. Ke2 Qxa3 34. Qd3+ Qxd3+ 35. Kxd3 1-0

[Event "Saratov SGSEU-ch op"]
[Site "Saratov"]
[Date "2008.09.25"]
[Round "8"]
[White "Tropin, Aleksandr"]
[Black "Tregub, Anatoliy"]
[Result "1-0"]
[WhiteElo "1983"]
[BlackElo "1979"]
[PlyCount "105"]
[EventDate "2008.09.10"]
[EventType "swiss"]
[EventRounds "9"]
[EventCountry "RUS"]
[SourceTitle "EXT 2022"]
[Source "ChessBase"]
[SourceDate "2021.10.06"]
[SourceVersion "1"]
[SourceVersionDate "2021.10.06"]
[SourceQuality "1"]

1. d4 d5 2. c4 e6 3. Nf3 Nf6 4. Bg5 Nbd7 5. Nbd2 Be7 6. e3 0-0 7. Bd3 b6 8. 0-0 Bb7 9. Rc1 c5 10. cxd5 exd5 11. Re1 Ne4 12. Bf4 Rc8 13. Ne5 Nxe5 14. Bxe5 Bf6 15. Bxf6 Qxf6 16. Bxe4 dxe4 17. dxc5 Qxb2 18. cxb6 Qxb6 19. Qb3 Qxb3 20. Nxb3 Bd5 21. Nd4 a6 22. a3 g6 23. h3 Rc4 24. Rxc4 Bxc4 25. Rb1 Rd8 26. Kh2 Bd3 27. Rb2 Kg7 28. Kg3 Rd5 29. Kf4 h6 30. g4 Ra5 31. Rb3 Bc4 32. Rc3 Bd5 33. h4 f6 34. Rc7+ Kf8 35. h5 gxh5 36. gxh5 Bf7 37. Nf5 Bxh5 38. Nxh6 Bg6 39. Ng4 Rxa3 40. Nxf6 Ra2 41. Kg5 Bf7 42. Nxe4 Kg7 43. f4 Rg2+ 44. Kf5 Kf8 45. Nd6 Bh5 46. e4 a5 47. e5 a4 48. Ra7 Bd1 49. e6 Bc2+ 50. Kf6 Rg6+ 51. Ke5 Rg7 52. Ra8+ Ke7 53. Re8# 1-0

[Event "Saratov SGSEU-ch op"]
[Site "Saratov"]
[Date "2008.09.11"]
[Round "2"]
[White "Braun, Elina"]
[Black "Tropin, Aleksandr"]
[Result "1/2-1/2"]
[WhiteElo "1864"]
[BlackElo "1983"]
[PlyCount "92"]
[EventDate "2008.09.10"]
[EventType "swiss"]
[EventRounds "9"]
[EventCountry "RUS"]
[SourceTitle "EXT 2022"]
[Source "ChessBase"]
[SourceDate "2021.10.06"]
[SourceVersion "1"]
[SourceVersionDate "2021.10.06"]
[SourceQuality "1"]

1. e4 Nf6 2. Nc3 d5 3. exd5 Nxd5 4. Nf3 Bg4 5. Be2 e6 6. d4 Bb4 7. Bd2 0-0 8. Nxd5 Bxd2+ 9. Qxd2 exd5 10. 0-0 Nd7 11. c3 Re8 12. Rae1 Qf6 13. Bd1 Qd6 14. Re3 f6 15. Rfe1 Kf7 16. Ng5+ fxg5 17. Bxg4 Nf6 18. Re6 Qf4 19. Qxf4 gxf4 20. Rxe8 Rxe8 21. Rxe8 Nxe8 22. Kf1 Kf6 23. Bf3 c6 24. Ke2 Nd6 25. Kd3 g5 26. b3 Kf5 27. h3 Ne4 28. Bg4+ Kf6 29. f3 Nd6 30. c4 dxc4+ 31. bxc4 h6 32. c5 Nf5 33. Ke4 Ne7 34. h4 b5 35. cxb6 axb6 36. hxg5+ hxg5 37. Bd7 Nd5 38. Bxc6 Nc3+ 39. Kd3 Nxa2 40. Kc4 Ke6 41. Kb5 Kd6 42. Kxb6 Nb4 43. Be4 Nd5+ 44. Kb5 Ne3 45. Kb4 Nxg2 46. Kc3 Ne3 1/2-1/2

[Event "Saratov region op"]
[Site "Saratov"]
[Date "2008.05.30"]
[Round "1"]
[White "Tropin, Aleksandr"]
[Black "Efimov, Ivan"]
[Result "0-1"]
[WhiteElo "1980"]
[BlackElo "2268"]
[PlyCount "68"]
[EventDate "2008.05.30"]
[EventType "swiss"]
[EventRounds "9"]
[EventCountry "RUS"]
[SourceTitle "CBM 124 Extra"]
[Source "ChessBase"]
[SourceDate "2008.07.03"]
[SourceVersion "1"]
[SourceVersionDate "2008.07.03"]
[SourceQuality "1"]

1. d4 Nf6 2. c4 g6 3. g3 Bg7 4. Bg2 d5 5. cxd5 Nxd5 6. e4 Nb4 7. Ne2 Bxd4 8. 0-0 N8c6 9. a3 Na6 10. Ra2 Be6 11. b3 Nc5 12. Rd2 Bxb3 13. Nxd4 Bxd1 14. Nxc6 Qc8 15. Rfxd1 bxc6 16. Rc2 Ne6 17. Bh6 c5 18. e5 c6 19. Nc3 Nd4 20. Rxd4 cxd4 21. Na4 Qa6 22. Bxc6+ Kd8 23. Bxa8 Qxa4 24. Be4 Kd7 25. Rb2 Rc8 26. Bd5 e6 27. Be4 Qxa3 28. Rb7+ Rc7 29. Rb8 Qc5 30. Bd3 Qxe5 31. Bf4 Qe1+ 32. Kg2 e5 33. Bb5+ Kd6 34. Bh6 Rc2 0-1

[Event "Saratov Rating 05-A"]
[Site "Saratov"]
[Date "2008.05.17"]
[Round "5"]
[White "Tropin, Aleksandr"]
[Black "Dudin, Denis"]
[Result "1/2-1/2"]
[WhiteElo "1980"]
[BlackElo "2162"]
[PlyCount "122"]
[EventDate "2008.05.13"]
[EventType "tourn"]
[EventRounds "10"]
[EventCountry "RUS"]
[SourceTitle "EXT 2022"]
[Source "ChessBase"]
[SourceDate "2021.10.06"]
[SourceVersion "1"]
[SourceVersionDate "2021.10.06"]
[SourceQuality "1"]

1. d4 Nf6 2. c4 e6 3. g3 d5 4. Bg2 Nc6 5. Nf3 Bb4+ 6. Bd2 Be7 7. 0-0 0-0 8. Bc3 Ne4 9. Nbd2 Nxc3 10. bxc3 Na5 11. e3 b6 12. Re1 Ba6 13. cxd5 exd5 14. e4 dxe4 15. Nxe4 Rc8 16. Bh3 Rb8 17. Ne5 f5 18. Nd2 Bb7 19. Bg2 Bxg2 20. Kxg2 f4 21. Qg4 Qd5+ 22. f3 Rf6 23. Ne4 Rh6 24. Qxf4 Rf8 25. Qe3 Bd6 26. Nxd6 cxd6 27. Nd7 Nc4 28. Qe2 Rc8 29. Qe7 Qf5 30. Qe8+ Rxe8 31. Rxe8+ Kf7 32. Rf8+ Ke7 33. Rxf5 Ne3+ 34. Kg1 Nxf5 35. Nb8 Kf7 36. Nc6 a6 37. Re1 Kf8 38. g4 Nh4 39. Kf2 Rf6 40. Re3 a5 41. d5 Ng6 42. Kg3 Nf4 43. c4 g5 44. Nd4 Kf7 45. Nf5 Ng6 46. Rb3 Nh4 47. Rxb6 Nxf5+ 48. gxf5 h5 49. h4 Rxf5 50. hxg5 Rxg5+ 51. Kh4 Rf5 52. Rxd6 Rf4+ 53. Kxh5 Rxc4 54. Kg5 Ra4 55. Kf5 Rxa2 56. Rd7+ Ke8 57. Ra7 a4 58. f4 a3 59. Ke6 Re2+ 60. Kd6 a2 61. f5 Rf2 1/2-1/2

[Event "Saratov Rating 05-A"]
[Site "Saratov"]
[Date "2008.05.14"]
[Round "2"]
[White "Tropin, Aleksandr"]
[Black "Avdeeva, Veronika"]
[Result "0-1"]
[WhiteElo "1980"]
[BlackElo "2133"]
[PlyCount "43"]
[EventDate "2008.05.13"]
[EventType "tourn"]
[EventRounds "10"]
[EventCountry "RUS"]
[SourceTitle "EXT 2022"]
[Source "ChessBase"]
[SourceDate "2021.10.06"]
[SourceVersion "1"]
[SourceVersionDate "2021.10.06"]
[SourceQuality "1"]

1. d4 d5 2. c4 c6 3. Nf3 Nf6 4. Nc3 dxc4 5. e4 b5 6. e5 Nd5 7. a4 h6 8. Be2 e6 9. 0-0 Be7 10. Ne4 Qb6 11. Bd2 0-0 12. b3 cxb3 13. axb5 b2 14. Ra2 cxb5 15. Qb3 Bd7 16. Ba5 Qc6 17. Nfd2 Bd8 18. Bxd8 Rxd8 19. Nd6 b4 20. N2c4 Qc7 21. Na5 Nc3 22. Qxb2 0-1

[Event "Saratov-ch op"]
[Site "Saratov"]
[Date "2008.03.20"]
[Round "9"]
[White "Tropin, Aleksandr"]
[Black "Zakharova, Alexandra"]
[Result "0-1"]
[WhiteElo "1992"]
[BlackElo "2138"]
[PlyCount "46"]
[EventDate "2008.03.11"]
[EventType "swiss"]
[EventRounds "9"]
[EventCountry "RUS"]
[SourceTitle "EXT 2022"]
[Source "ChessBase"]
[SourceDate "2021.10.06"]
[SourceVersion "1"]
[SourceVersionDate "2021.10.06"]
[SourceQuality "1"]

1. d4 d5 2. c4 c6 3. Nf3 Nf6 4. Nc3 a6 5. cxd5 cxd5 6. Bg5 Ne4 7. Bh4 Nxc3 8. bxc3 Qa5 9. Qd2 b5 10. e3 Bf5 11. Be2 e6 12. Ne5 Bd6 13. Bg3 Ba3 14. 0-0 0-0 15. f3 f6 16. Nd3 Nd7 17. Nb4 Qb6 18. Nc2 Bb2 19. e4 dxe4 20. Rab1 Bxc3 21. Qxc3 Rac8 22. Qd2 Rxc2 23. Qxc2 exf3 0-1

[Event "Saratov-ch op"]
[Site "Saratov"]
[Date "2008.03.15"]
[Round "5"]
[White "Tropin, Aleksandr"]
[Black "Makalov, Denis"]
[Result "1-0"]
[WhiteElo "1992"]
[BlackElo "2194"]
[PlyCount "77"]
[EventDate "2008.03.11"]
[EventType "swiss"]
[EventRounds "9"]
[EventCountry "RUS"]
[SourceTitle "EXT 2022"]
[Source "ChessBase"]
[SourceDate "2021.10.06"]
[SourceVersion "1"]
[SourceVersionDate "2021.10.06"]
[SourceQuality "1"]

1. d4 Nf6 2. c4 g6 3. g3 Bg7 4. Bg2 0-0 5. Nc3 d6 6. e4 c6 7. Nge2 Nbd7 8. 0-0 e5 9. h3 exd4 10. Nxd4 Re8 11. Be3 Ne5 12. b3 Qa5 13. Qc2 Ned7 14. Rad1 Nc5 15. Nde2 Bf8 16. Kh2 h5 17. Bd4 Nh7 18. f4 f5 19. e5 Ne6 20. exd6 Bxd6 21. Bb6 Qxb6 22. Rxd6 Nhf8 23. Nd5 Qc5 24. Nf6+ Kf7 25. Nxe8 Bd7 26. Qd3 Bxe8 27. b4 Qb6 28. Nd4 Nxd4 29. Qxd4 Qxd4 30. Rxd4 Ne6 31. Rd6 Ke7 32. c5 Nc7 33. Re1+ Kf7 34. g4 hxg4 35. hxg4 a5 36. g5 axb4 37. Rf6+ Kg8 38. Re7 Na6 39. Bf1 1-0

[Event "Saratov-ch op"]
[Site "Saratov"]
[Date "2008.03.14"]
[Round "4"]
[White "Astashin, Alexander"]
[Black "Tropin, Aleksandr"]
[Result "0-1"]
[WhiteElo "2187"]
[BlackElo "1992"]
[PlyCount "58"]
[EventDate "2008.03.11"]
[EventType "swiss"]
[EventRounds "9"]
[EventCountry "RUS"]
[SourceTitle "EXT 2022"]
[Source "ChessBase"]
[SourceDate "2021.10.06"]
[SourceVersion "1"]
[SourceVersionDate "2021.10.06"]
[SourceQuality "1"]

1. e4 Nf6 2. e5 Nd5 3. Nc3 e6 4. Ne4 d6 5. d4 dxe5 6. dxe5 Nc6 7. Nf3 Be7 8. a3 0-0 9. Bd3 f5 10. exf6 Nxf6 11. 0-0 Qd5 12. c4 Qh5 13. Ng3 Qe8 14. Re1 Nh5 15. Qc2 Nf6 16. Bg5 e5 17. Nxe5 Nd4 18. Qc3 c5 19. Be3 Nc6 20. Rad1 Bd6 21. Nxc6 Qxc6 22. Nf5 Bxh2+ 23. Kh1 Qc7 24. Bg5 Ng4 25. Rd2 Bxf5 26. Bxf5 Rxf5 27. Re7 Be5 28. Qh3 Rxf2 29. Kg1 Bh2+ 0-1

[Event "Saratov-ch op"]
[Site "Saratov"]
[Date "2008.03.13"]
[Round "3"]
[White "Tropin, Aleksandr"]
[Black "Prokofjev, Anatolij"]
[Result "1-0"]
[WhiteElo "1992"]
[BlackElo "2070"]
[PlyCount "97"]
[EventDate "2008.03.11"]
[EventType "swiss"]
[EventRounds "9"]
[EventCountry "RUS"]
[SourceTitle "EXT 2022"]
[Source "ChessBase"]
[SourceDate "2021.10.06"]
[SourceVersion "1"]
[SourceVersionDate "2021.10.06"]
[SourceQuality "1"]

1. d4 d5 2. c4 dxc4 3. Nc3 Nf6 4. e4 e6 5. Bxc4 Be7 6. Nf3 0-0 7. 0-0 a6 8. Qe2 b5 9. Bd3 Bb7 10. e5 Ne8 11. Be3 Nd7 12. Rfd1 c6 13. Rac1 Nc7 14. Ne4 Nd5 15. Bd2 Re8 16. Nfg5 Nf8 17. Qh5 g6 18. Qf3 f5 19. exf6 Bxf6 20. Nxf6+ Qxf6 21. Qxf6 Nxf6 22. Ne4 Nxe4 23. Bxe4 Rac8 24. Bf4 Nd7 25. Bf3 Nf6 26. Be5 Nd5 27. h4 Kf7 28. h5 Ke7 29. hxg6 hxg6 30. Be4 Rg8 31. Rd3 Nb4 32. Rh3 Rcf8 33. Rh7+ Rf7 34. Bd6+ Kxd6 35. Rxf7 Bc8 36. a3 Nd5 37. Bxd5 exd5 38. Re1 a5 39. b4 a4 40. Ree7 Bf5 41. Re5 Rh8 42. f3 Rh4 43. g4 Bxg4 44. Rf6+ Kd7 45. fxg4 Rxg4+ 46. Kf2 Rxd4 47. Rxg6 Rd2+ 48. Kf3 d4 49. Ke4 1-0

[Event "Saratov-ch"]
[Site "Saratov"]
[Date "2007.03.11"]
[Round "9"]
[White "Tropin, Aleksandr"]
[Black "Astashin, Alexander"]
[Result "0-1"]
[WhiteElo "2031"]
[BlackElo "2210"]
[PlyCount "66"]
[EventDate "2007.03.01"]
[EventType "swiss"]
[EventRounds "9"]
[EventCountry "RUS"]
[SourceTitle "EXT 2008"]
[Source "ChessBase"]
[SourceDate "2007.11.25"]
[SourceVersion "1"]
[SourceVersionDate "2007.11.25"]
[SourceQuality "1"]

1. d4 d5 2. c4 e5 3. dxe5 d4 4. Bf4 Nc6 5. Nf3 Nge7 6. g3 h6 7. Bg2 g5 8. Bd2 Ng6 9. 0-0 Bc5 10. b4 Be7 11. a3 g4 12. Ne1 Ncxe5 13. Qc2 Be6 14. Nd3 c6 15. Be4 h5 16. Bxg6 Nxg6 17. Nf4 Nxf4 18. Bxf4 Bf6 19. Qd3 Qd7 20. Nd2 Bf5 21. Ne4 Bxe4 22. Qxe4+ Qe6 23. Qd3 Rd8 24. Rab1 h4 25. e4 Rh5 26. c5 Be5 27. Rbe1 Ke7 28. Bxe5 Qxe5 29. f4 Qh8 30. e5 hxg3 31. Qxg3 Rh3 32. Qg2 Rg8 33. f5 g3 0-1

[Event "Saratov-ch"]
[Site "Saratov"]
[Date "2007.03.07"]
[Round "6"]
[White "Petukhov, Dmitry"]
[Black "Tropin, Aleksandr"]
[Result "1-0"]
[WhiteElo "2338"]
[BlackElo "2031"]
[PlyCount "67"]
[EventDate "2007.03.01"]
[EventType "swiss"]
[EventRounds "9"]
[EventCountry "RUS"]
[SourceTitle "EXT 2008"]
[Source "ChessBase"]
[SourceDate "2007.11.25"]
[SourceVersion "1"]
[SourceVersionDate "2007.11.25"]
[SourceQuality "1"]

1. e4 c5 2. Nf3 e6 3. d4 d5 4. exd5 exd5 5. c4 Bg4 6. cxd5 Qxd5 7. Nc3 Qe6+ 8. Be3 Nf6 9. Qa4+ Nbd7 10. Bc4 Qb6 11. Ne5 0-0-0 12. Nxg4 Nxg4 13. Nd5 Qc6 14. Qxc6+ bxc6 15. Ba6+ Kb8 16. Bf4+ Nde5 17. h3 cxd4 18. Nc3 Bd6 19. Ne4 Rhe8 20. Nxd6 Rxd6 21. 0-0 Nf6 22. Rae1 Nfd7 23. Bg3 Rde6 24. f4 Nc5 25. fxe5 Nxa6 26. Rxf7 Nb4 27. a3 Nc2 28. Rd1 c5 29. Rd2 Ne3 30. b4 c4 31. Rxd4 c3 32. Bf4 c2 33. Bxe3 Rxe5 34. Bf4 1-0

[Event "Saratov-ch"]
[Site "Saratov"]
[Date "2007.03.02"]
[Round "2"]
[White "Dudin, Denis"]
[Black "Tropin, Aleksandr"]
[Result "1/2-1/2"]
[WhiteElo "2193"]
[BlackElo "2031"]
[PlyCount "63"]
[EventDate "2007.03.01"]
[EventType "swiss"]
[EventRounds "9"]
[EventCountry "RUS"]
[SourceTitle "EXT 2008"]
[Source "ChessBase"]
[SourceDate "2007.11.25"]
[SourceVersion "1"]
[SourceVersionDate "2007.11.25"]
[SourceQuality "1"]

1. c4 e6 2. g3 d5 3. d4 c6 4. Nf3 Nf6 5. Bg2 Nbd7 6. 0-0 b6 7. Qc2 Ba6 8. Ne5 Nxe5 9. dxe5 Nd7 10. cxd5 cxd5 11. Rd1 Rc8 12. Nc3 Qc7 13. e4 d4 14. Rxd4 Bc5 15. Rd1 0-0 16. Qa4 Nb8 17. Bf4 Rfd8 18. Rac1 Qc6 19. h4 h6 20. Rxd8+ Rxd8 21. Qxc6 Nxc6 22. Na4 Nd4 23. Kh2 Ne2 24. Nxc5 Nxc1 25. Nxa6 Nd3 26. Be3 Nxb2 27. Bf1 Nd1 28. Bf4 Nxf2 29. Nc7 Nxe4 30. Nb5 Rd1 31. Bg2 Nf2 32. Nxa7 1/2-1/2

[Event "Saratov Aratovsky Memorial 6th"]
[Site "Saratov"]
[Date "2006.12.01"]
[Round "5"]
[White "Tropin, Aleksandr"]
[Black "Akhmadeev, Valery Rimovich"]
[Result "1-0"]
[WhiteElo "2052"]
[BlackElo "2245"]
[PlyCount "71"]
[EventDate "2006.11.27"]
[EventType "swiss"]
[EventRounds "9"]
[EventCountry "RUS"]
[SourceTitle "EXT 2008"]
[Source "ChessBase"]
[SourceDate "2007.11.25"]
[SourceVersion "1"]
[SourceVersionDate "2007.11.25"]
[SourceQuality "1"]

1. d4 d5 2. c4 e6 3. Nc3 Nf6 4. Nf3 Be7 5. Bg5 h6 6. Bh4 b6 7. cxd5 exd5 8. e3 0-0 9. Ne5 Bb7 10. Bd3 Nfd7 11. Bxe7 Qxe7 12. Nf3 Nf6 13. 0-0 Nbd7 14. Bf5 g6 15. Bh3 Rfe8 16. Qa4 c6 17. b4 b5 18. Qb3 a5 19. a3 Ra7 20. bxa5 Rea8 21. Qb4 Kf8 22. Ne5 Rxa5 23. Nxd7+ Nxd7 24. Qb2 Nb6 25. e4 Nc4 26. Qc1 b4 27. Qxh6+ Kg8 28. f4 bxc3 29. f5 Qxe4 30. Rae1 Qxd4+ 31. Kh1 Qg7 32. Qf4 Nd2 33. f6 Qf8 34. Be6 Re8 35. Bxf7+ Kxf7 36. Re7+ 1-0

[Event "Saratov Aratovsky Memorial 6th"]
[Site "Saratov"]
[Date "2006.11.30"]
[Round "4"]
[White "Korchmar, Vasiliy"]
[Black "Tropin, Aleksandr"]
[Result "0-1"]
[WhiteElo "1912"]
[BlackElo "2052"]
[PlyCount "110"]
[EventDate "2006.11.27"]
[EventType "swiss"]
[EventRounds "9"]
[EventCountry "RUS"]
[SourceTitle "EXT 2008"]
[Source "ChessBase"]
[SourceDate "2007.11.25"]
[SourceVersion "1"]
[SourceVersionDate "2007.11.25"]
[SourceQuality "1"]

1. e4 c5 2. Nf3 e6 3. d4 d5 4. Bb5+ Nc6 5. exd5 exd5 6. 0-0 Nf6 7. Re1+ Be7 8. dxc5 0-0 9. Nd4 Nxd4 10. Qxd4 Ne4 11. Qd1 Bxc5 12. Be3 Bxe3 13. Rxe3 Qf6 14. Rb3 Qxf2+ 15. Kh1 Bg4 16. Qc1 Qc5 17. h3 Be6 18. Na3 f5 19. Rf3 g5 20. Bd3 f4 21. Kh2 Rae8 22. c4 Ng3 23. Qb1 Bf5 24. cxd5 Re3 25. Rxe3 fxe3 26. Bxf5 Nxf5 27. Qe4 Qd6+ 28. Kg1 Qg3 29. Rf1 Nd6 30. Rxf8+ Kxf8 31. Qf3+ Qf4 32. Qxf4+ gxf4 33. Kf1 Kf7 34. Ke2 Kf6 35. g3 fxg3 36. Kxe3 Ke5 37. Kf3 Kxd5 38. Kxg3 Kd4 39. Kf4 Kd3 40. Kg5 b5 41. b3 b4 42. Nc4 Nxc4 43. bxc4 Kxc4 44. Kh6 a5 45. Kxh7 a4 46. Kg7 b3 47. axb3+ axb3 48. h4 b2 49. h5 b1Q 50. h6 Qb7+ 51. Kg8 Qc8+ 52. Kg7 Qd7+ 53. Kg8 Kd5 54. h7 Ke6 55. h8Q Qf7# 0-1

[Event "Saratov Aratovsky Memorial 6th"]
[Site "Saratov"]
[Date "2006.11.29"]
[Round "3"]
[White "Ivanova, Maria"]
[Black "Tropin, Aleksandr"]
[Result "1-0"]
[WhiteElo "2080"]
[BlackElo "2052"]
[PlyCount "41"]
[EventDate "2006.11.27"]
[EventType "swiss"]
[EventRounds "9"]
[EventCountry "RUS"]
[SourceTitle "EXT 2008"]
[Source "ChessBase"]
[SourceDate "2007.11.25"]
[SourceVersion "1"]
[SourceVersionDate "2007.11.25"]
[SourceQuality "1"]

1. c4 Nf6 2. Nf3 d5 3. cxd5 Nxd5 4. Nc3 Bg4 5. Qa4+ Bd7 6. Qb3 Nxc3 7. dxc3 g6 8. Ne5 e6 9. Qxb7 Bg7 10. Nxf7 Kxf7 11. Qxa8 Ba4 12. Qf3+ Ke8 13. Qd3 Qe7 14. Be3 c5 15. Qc4 Bc6 16. Qxc5 Qb7 17. Qb4 Qc7 18. Rd1 Nd7 19. Qd6 Qb7 20. Qxe6+ Kf8 21. Bc5+ 1-0